000 00512nam a2200193Ia 4500
005 20250508151458.0
008 008 250505s9999 xx 000 0 hin d
037 _aTextual
040 _aFEDL
_beng
_cFEDL
041 _ahin
_2hin
084 _a155.4, LED
_qFEDL
100 _aLedal R.M.
_9755552
245 0 _aMata Pita ki Samasaya
260 _aDelhi, India
_bRajkamal Prakashan
300 _a48p.
650 _aChild Psychology
942 _cTEXL
_h155.4, LED
999 _c1330076
_d1330076